| Tag |
First Indicator |
Second Indicator |
Subfields |
| LEADER |
00000cam a2200000 i 4500 |
| 001 |
in00000058887 |
| 005 |
20210417063134.0 |
| 008 |
770930s1978 ilua b 10000 eng |
| 010 |
|
|
|a 77015505
|
| 020 |
|
|
|a 0877571031
|
| 035 |
|
|
|a (OCoLC)03362275
|
| 035 |
|
|
|9 AAG4820AM
|
| 040 |
|
|
|a DLC
|c DLC
|d OCL
|d TXA
|d UtOrBLW
|
| 049 |
|
|
|a TXAM
|c [1159253]
|
| 050 |
0 |
0 |
|a HF5415.3
|b .E45
|
| 082 |
0 |
|
|a 658.8/34
|
| 245 |
0 |
4 |
|a The Effect of information on consumer and market behavior /
|c edited by Andrew A. Mitchell.
|
| 264 |
|
1 |
|a Chicago :
|b American Marketing Association,
|c [1978]
|
| 264 |
|
4 |
|c ©1978
|
| 300 |
|
|
|a ix, 112 pages :
|b illustrations ;
|c 28 cm.
|
| 336 |
|
|
|a text
|b txt
|2 rdacontent
|
| 337 |
|
|
|a unmediated
|b n
|2 rdamedia
|
| 338 |
|
|
|a volume
|b nc
|2 rdacarrier
|
| 490 |
1 |
|
|a Proceedings series / American Marketing Association
|
| 500 |
|
|
|a Proceedings of a workshop sponsored by Carnegie-Mellon University and the American Marketing Association, which was held at the university May 20-21, 1977.
|
| 504 |
|
|
|a Includes bibliographies.
|
| 650 |
|
0 |
|a Consumers
|v Congresses.
|
| 650 |
|
0 |
|a Motivation research (Marketing)
|x Congresses.
|
| 700 |
1 |
|
|a Mitchell, Andrew A.,
|d 1939-
|
| 710 |
2 |
|
|a Carnegie Mellon University.
|
| 710 |
2 |
|
|a American Marketing Association.
|
| 830 |
|
0 |
|a Proceedings series (American Marketing Association)
|
| 999 |
|
|
|a MARS
|
| 999 |
f |
f |
|s a360455c-e1b6-398a-bfa6-6f2729de3141
|i fcd2d6a5-ffcc-3997-ac99-d7837c49c369
|t 0
|
| 952 |
f |
f |
|p ric
|a Texas A&M University
|b Rellis Campus
|c Joint Library Facility
|d Remote Storage
|t 0
|e HF5415.3 .E45
|h Library of Congress classification
|i unmediated -- volume
|m A14802794602
|
| 998 |
f |
f |
|a HF5415.3 .E45
|t 0
|l Remote Storage
|